| 000 | 00722nam a2200241Ia 4500 | ||
|---|---|---|---|
| 003 | IEPS | ||
| 005 | 20250703135239.0 | ||
| 008 | 250223s9999||||xx |||||||||||||| ||und|| | ||
| 020 | _a4051510977 | ||
| 040 | _CIEPS | ||
| 041 | _aara | ||
| 082 | _a372.21 | ||
| 100 | _aجوليانا برانتوني | ||
| 245 | 0 | _aالتربية النفس حركية و الصحية في رياض الأطفال | |
| 245 | 0 | _bالنظرية و التطبيق | |
| 260 |
_aالقاهرة _bدار الفكر العربي _c1991 |
||
| 300 |
_a177 ص. _c24 سم. |
||
| 490 | _aالطفولة و التربية | ||
| 653 | _aالأطفال | ||
| 653 | _aالأطفال | ||
| 700 | _aعبد الفتاح حسن | ||
| 942 | _cكتاب | ||
| 999 |
_c11108 _d11108 |
||